El ofrecimiento de trabajo : importancia y trascendencia en el juicio laboral /
En México el ofrecimiento del trabajo es la propuesta que el patrón hace al trabajador en un juicio laboral cuando éste le demanda la reinstalación o la indemnización constitucional por despido injustificado, y con tal ofrecimiento el patrón niega la pretensión del trabajador. En la presente obra el...
محفوظ في:
| المؤلف الرئيسي: | |
|---|---|
| التنسيق: | كتاب |
| اللغة: | الإسبانية |
| منشور في: |
México :
Porrúa,
2006, c2006
|
| الموضوعات: | |
| الوسوم: |
لا توجد وسوم, كن أول من يضع وسما على هذه التسجيلة!
|
MARC
| LEADER | 00000nam^a2200000^a^4500 | ||
|---|---|---|---|
| 001 | 000263805 | ||
| 005 | 20250521000000.0 | ||
| 009 | 20260310110625.374 | ||
| 020 | |a 970-07-6941-0 | ||
| 037 | |a Acervo ITESO - Biblioteca | ||
| 041 | |a ESP | ||
| 082 | |a 344. 7201 |b QUI | ||
| 100 | |a Quijano Alvarez, Alejandro |e (autor) | ||
| 245 | 1 | 3 | |a El ofrecimiento de trabajo : |b importancia y trascendencia en el juicio laboral / |c A. Quijano Alvarez ; pról. de Víctor Hugo Mendoza Sánchez. |
| 264 | 4 | |a México : |b Porrúa, |c 2006, c2006 | |
| 300 | |a XXIV, 188 p. | ||
| 336 | |a texto |b txt |2 rdacontenido | ||
| 337 | |a sin mediación |b n |2 rdamedio | ||
| 338 | |a volumen |b nc |2 rdasoporte | ||
| 520 | |a En México el ofrecimiento del trabajo es la propuesta que el patrón hace al trabajador en un juicio laboral cuando éste le demanda la reinstalación o la indemnización constitucional por despido injustificado, y con tal ofrecimiento el patrón niega la pretensión del trabajador. En la presente obra el autor plantea un análisis a tal figura jurídica, que si bien es cierto no aparece regulada en la legislación laboral, también lo es que es una práctica recurrente en tales juicios. | ||
| 649 | |a XX | ||
| 650 | |a Ofrecimiento de Trabajo - |x Tema Principal | ||
| 650 | |a Acciones y Defensas - |z México | ||
| 650 | |a Juicios - |z México | ||
| 650 | |a Derecho Procesal Laboral - |z México | ||
| 650 | |a Derecho Laboral - |z México - |x Tema Principal | ||
| 650 | |a Derecho Social - |z México | ||
| 650 | |a Derecho Público - |z México | ||
| 910 | |a Fondo General | ||
| 920 | |a Impresos - Libros | ||
| 930 | |a Colección General | ||
| 905 | |a 101 | ||
| 901 | |a 0500144641 |b IT1 |c ACC |u 20250521 | ||
| 901 | |a 0500144675 |b IT1 |c ACC |u 20250521 | ||
| 902 | |a https://opac.biblio.iteso.mx/vufind/Record/000263805 | ||